000 00743nam a2200217 i 4500
001 62276
003 ES-MaACL
005 20240102161531.0
007 t|
008 031119s1966 sp ||||1| spa d
100 1 _aFein, Erwin.
_949115
245 1 0 _aTécnica de la organización de almacenes /
_cErwin Fein, Helmuth Lahde, Peter Müller ; traduccion Angel Viñas Martín ; revisión Joaquín Bofill Echagüe.
260 _aBarcelona :
_bSagitario,
_c[1966]
300 _a584 p. :
_bil. ;
_c25 cm.
700 1 _aLahde, Helmuth.
_969635
700 1 _aMüller, Peter.
_984141
700 1 _aViñas, Ángel,
_d1941-
_9115369
700 1 _aBofill Echagüe, Joquín.
_929785
852 _aES-MaACL
_jC-26155
_bR.60887
999 _c62276
_d62276